Statistiques concernant Nommez un pays d'Asie A-Z

Cliquez ici pour prendre le quiz!

Statistiques générales

  • Ce quiz a été pris 330 fois
    (193 depuis la dernière actualisation)
  • Le résultat moyen est 11 sur 20

Statistiques - réponses

LettrePays% Correct
AAfghanistan-Arabie saoudite-Arménie-Azerbaïdjan
94%
BBahreïn-Bangladesh-Bhoutan-Birmanie-Brunei
92%
CCambodge-Chine-Chypre du nord-Corée du Nord-Corée du Sud
92%
JJapon-Jordanie
77%
KKazakhstan-Kirghizistan-Koweit
73%
IInde-Indonésie-Iran-Irak-Israël
69%
GGéorgie
67%
LLaos-Liban
67%
OOman-Ouzbékistan
58%
QQatar
55%
MMacao-Malaisie-Maldives-Mongolie
51%
PPakistan-Palestine-Philippines
49%
YYémen
48%
EÉmirats arabes unis
40%
TTadjikistan-Taïwan-Thaïlande-Timor Oriental-Turquie-Turkménistan
39%
NNépal
38%
VViêt Nam
27%
RRussie
26%
SSingapour-Sri Lanka-Syrie
23%
HHong Kong
4%

Distribution des résultats

Percentile par nombre de réponses

% des personnes avec chaque résultat

Votre développement - résultats

Vous n’avez pas pris ce quiz depuis la dernière actualisation